000 00736nam a2200253Ia 4500
003 OSt
005 20220925212600.0
006 a|||||r|||| 00| 0
007 ta
008 220923b |||||||| |||| 00| 0 eng d
020 _a0043610668
037 _cGeneral Book
040 _aRTL
_cRTL
_beng
041 _2eng
_aeng
082 _aY73.3.N8, M6
100 _aThomas David N
_9137548
245 0 _aWhite bolts black locks
_b Particiaption in the inner city
260 _aLondon
_bAllen and Unwin
_c1986
300 _axii,252p
_ccm.
500 _aBibliography: p 232-37; Appendix: p 238-48
650 _aEthnology
_935130
942 _hY73.3.N8, M6
_cGB
_2CC
999 _c560698
_d560698